000 00653nam a2200193Ia 4500
005 20250618170400.0
008 008 250516s9999 xx 000 0 hin d
020 _a9788179171165
040 _beng
_cSDCL
041 _ahin
_2hin
084 _aV2'L N9
100 _aSatishchandra
_9813146
245 0 _aMadhyakalin Bharat me itihas lekhan, dharm aur rajya ka swaroop
246 _aमध्यकालीन भारत एम् इतिहास लेखन धर्म और राज्य का स्वरुप
260 _aNew Delhi :
_bGranth Shilpi,
_c1999.
300 _a192p.
650 _aHistory
942 _cTEXL
_2CC
999 _c1430137
_d1430137